| 000 | 01464nam a2200289Ia 4500 | ||
|---|---|---|---|
| 999 |
_c36880 _d36880 |
||
| 001 | 2830 | ||
| 003 | GE_BSU | ||
| 005 | 20190625195704.0 | ||
| 008 | 181216s2011||||ge |||||||||||||| ||geo|| | ||
| 020 | _a9789941924224 | ||
| 040 | _cGE_BSU | ||
| 041 | _ageo | ||
| 080 | _a17+ 32 + 504.7 ა-66 | ||
| 100 |
_aანთოლისი, უილიამ _92390 |
||
| 245 |
_aსწრაფად წინ : _bეთიკა და პოლიტიკა გლობალური დათბობის ეპოქაში = Fast forward: ethics and politics in the age of global warming / _cუილიამ ანთოლისი და სტროუბ ტალბოტი ; მთარგმნ. მაკა ჩხეიძე ; რედ. ლევან ჯაფარიძე. |
||
| 264 |
_aთბილისი : _bსაუნჯე, _c2011. |
||
| 300 |
_a143 გვ. ; _b20 სმ. |
||
| 500 | _aთავფურ. ქართ. და ინგლ. | ||
| 501 | _aშენიშვნ.: გვ. 131-143. | ||
| 653 | _aეთიკა | ||
| 653 | _aპოლიტიკა | ||
| 653 | _aგლობალური დათბობა | ||
| 700 |
_aტალბოტი, სტროუბ _eავტორი _92391 |
||
| 700 |
_aჩხეიძე, მაკა _eმთარგმნელი _92392 |
||
| 700 |
_aჯაფარიძე, ლევან _eრედაქტორი _92393 |
||
| 942 |
_cBK _2udc |
||